Ideas for poetry

Guardado en:
Bibliografiske detaljer
Hovedforfatter: Dudek, Louis
Format: Bog
Sprog:Undetermined
Udgivet: Montreal, Canadá Véhicule Press 1983
Fag:
Tags: Tilføj Tag
Ingen Tags, Vær først til at tagge denne postø!

MARC

LEADER 00000nam a2200000Ia 4500
008 170316s9999 xx 000 0 und d
040 |a cru BVZT 
090 |a 818 D-9i 
100 |a Dudek, Louis 
245 |a Ideas for poetry 
260 |a Montreal, Canadá 
260 |b Véhicule Press 
260 |c 1983 
300 |a 85 páginas 
650 |a LITERATURA CANADIENSE 
999 |c 6416  |d 6416 
942 |c 15 D  |h 818 D-9i  |2 z